Product policy and brand management : (Record no. 53226)

MARC details
000 -LEADER
fixed length control field 02149nam a22003857a 4500
005 - DATE AND TIME OF LATEST TRANSACTION
control field 20110627113920.0
008 - FIXED-LENGTH DATA ELEMENTS--GENERAL INFORMATION
fixed length control field 110627t xxu||||| |||| 00| 0 eng d
010 ## - LCCN (DPL NO)
LC control number ENG-102659 B-454426-430
020 ## - INTERNATIONAL STANDARD BOOK NUMBER
Terms of availability 250.00
International Standard Book Number 9788120340756
035 ## - SYSTEM CONTROL NUMBER
System control number EN-86192 B-454426-430
037 ## - SOURCE OF ACQUISITION
Source of stock number/acquisition DBAD / PUB
040 ## - CATALOGING SOURCE
Original cataloging agency dpl
Language of cataloging English
082 ## - DEWEY DECIMAL CLASSIFICATION NUMBER
Classification number 658.827
100 ## - MAIN ENTRY--PERSONAL NAME
9 (RLIN) 28493
Personal name Chitale, A. K.
110 ## - MAIN ENTRY--CORPORATE NAME
9 (RLIN) 28532
245 ## - TITLE STATEMENT
Title Product policy and brand management :
Statement of responsibility, etc by A. K. Chitale [and] Ravi Gupta
Remainder of title text and cases /
260 ## - PUBLICATION, DISTRIBUTION, ETC. (IMPRINT)
Place of publication, distribution, etc New Delhi
Name of publisher, distributor, etc PHI Learning
Date of publication, distribution, etc 2011
270 ## - ADDRESS
Address M-97, Connaught Circus
City New Delhi
Postal code 110001
300 ## - PHYSICAL DESCRIPTION
Extent xii,264p. :
Dimensions 24cm (pbk)
Other physical details ill.
500 ## - GENERAL NOTE
General note Includes index.
600 ## - SUBJECT ADDED ENTRY--PERSONAL NAME
9 (RLIN) 28594
610 ## - SUBJECT ADDED ENTRY--CORPORATE NAME
9 (RLIN) 28529
650 ## - SUBJECT ADDED ENTRY--TOPICAL TERM
9 (RLIN) 28788
651 ## - SUBJECT ADDED ENTRY--GEOGRAPHIC NAME
9 (RLIN) 28530
700 ## - ADDED ENTRY--PERSONAL NAME
9 (RLIN) 28520
Personal name Gupta, Ravi
710 ## - ADDED ENTRY--CORPORATE NAME
9 (RLIN) 28535
942 ## - ADDED ENTRY ELEMENTS (KOHA)
Source of classification or shelving scheme Dewey Decimal Classification
Item type English Books
Call number suffix CHI
Classification part 658.827
Holdings
Withdrawn status Lost status Source of classification or shelving scheme Damaged status Not for loan Collection code Home library Current library Date acquired Source of acquisition Cost, normal purchase price Total Checkouts Full call number Barcode Date last seen Copy number Cost, replacement price Koha item type
    Dewey Decimal Classification     Non-fiction Central Library Central Library 02/03/2012 Blue Berry /7183/31.10.11/06/15.9.11/30.11.11 250.00   658.827 CHI B-454426 02/03/2012 1 250.00 English Books
    Dewey Decimal Classification   Not For Loan Non-fiction D.B.Act.Division D.B.Act.Division 27/06/2011 DBAD/PUB 250.00   658.827 CHI EN-86192 27/06/2011 1 250.00 English Books
    Dewey Decimal Classification     Non-fiction Karol Bagh Karol Bagh 02/03/2012 Blue Berry /7183/31.10.11/06/15.9.11/30.11.11 250.00   658.827 CHI B-454429 02/03/2012 1 250.00 English Books
    Dewey Decimal Classification     Non-fiction Patel Nagar Patel Nagar 02/03/2012 Blue Berry /7183/31.10.11/06/15.9.11/30.11.11 250.00 1 658.827 CHI B-454427 31/05/2025 1 250.00 English Books
    Dewey Decimal Classification     Non-fiction Sarojini Nagar Sarojini Nagar 02/03/2012 Blue Berry /7183/31.10.11/06/15.9.11/30.11.11 250.00   658.827 CHI B-454428 02/03/2012 1 250.00 English Books
    Dewey Decimal Classification     Non-fiction Shahdara Branch Shahdara Branch 02/03/2012 Blue Berry /7183/31.10.11/06/15.9.11/30.11.11 250.00   658.827 CHI B-454430 02/03/2012 1 250.00 English Books

© Delhi Public Library
Hit Counter
free hit counter